Cuentos azules / (Registro nro. 12253)
[ vista simple ]
| 000 -LIDER | |
|---|---|
| fixed length control field | 00905nam a2200277 a 4500 |
| 001 - NÚMERO DE CONTROL | |
| Identificador de número de control | 3503 |
| 003 - IDENTIFICACDOR DE NÚMERO DE CONTROL | |
| control field | DO-SdBNP |
| 005 - DATE AND TIME OF LATEST TRANSACTION | |
| control field | 20180214123227.0 |
| 007 - CAMPOS FIJOS DE DESCRIPCIÓN FÍSICA | |
| fixed length control field | 3503 |
| 008 - ELEMENTOS DE LONGITUD FIJA | |
| fixed length control field | 950724s1984 sp a 000 1 spa |
| 010 ## - NUMERO DE CONTROL DE BIBLIOTECA DEL CONGRESO | |
| LC control number | |
| 020 ## - ISBN | |
| International Standard Book Number | 843102335X |
| 040 ## - FUENTE DE CATALOGACIÓN | |
| Agencia que crea de manera original el registro | BPMUS |
| Agencia que realiza la transcripción | spa |
| Idioma de catalogación | BPMSU |
| 050 00 - NÚMERO DE CLASIFICACIÓN BIBLIOTECA DEL CONGRESO | |
| Classification number | |
| Item number | |
| 100 2# - ASIENTO PRINCIPAL -- NOMBRE PERSONAL | |
| Nombre personal | Sotillos, Eugenio |
| 245 10 - MENCIÓN DE TITULO | |
| Título | Cuentos azules / |
| Mención de responsabilidad | Eugenio Sotillos ; ilustraciones María Pascual |
| 250 ## - MENCIÓN DE EDICION | |
| Mención de edición | 3a. ed. |
| 260 ## - PUBLICACIÓN, DISTRIBUCIÓN, ETC. (PIE DE IMPRENTA) | |
| Lugar de publicación, distribución, etc | Barcelona : |
| Nombre del editor, distribuidor, etc. | Ediciones Toray |
| Fecha de publicación, distribución, etc | 1993. |
| 300 ## - DESCRIPCIÓN FÍSICA | |
| Extensión | 1v. |
| Otros detalles físicos | ils. |
| Dimensiones | 23 cm. |
| 490 ## - MENCIÓN DE SERIES | |
| Mención de serie | Cuentos para chicos y chicas |
| 505 ## - NOTA DE CONTENIDO | |
| Campo enlazado y núm. de secuencia | v. 9 : El niño de la trompeta -- La princesa cabello verde -- El farol maravilloso -- La cocina encantada -- La casita de papel-- El asno con la piel de león |
| 700 ## - ASIENTO SECUNDARIO -- NOMBRE PERSONAL | |
| Nombre personal | Pascual, María |
| Mención de responsabilidad | ilustraciones |
| 830 ## - ASIENTO SECUNDARIO DE SERIE--TÍTULO UNIFORME | |
| Título uniforme | Cuentos para chicos y chicas |
| 942 ## - ADDED ENTRY ELEMENTS (KOHA) | |
| Source of classification or shelving scheme | Dewey Decimal Classification |
| Koha item type | Libros |
| 945 ## - INFORMACIÓN DE PROCESAMIENTO LOCAL | |
| Información de procesamiento local | Inventariado, 2018/MFF |
| Withdrawn status | Lost status | Source of classification or shelving scheme | Damaged status | Not for loan | Collection code | Home library | Current library | Date acquired | Source of acquisition | Total Checkouts | Barcode | Date last seen | Price effective from | Koha item type |
|---|---|---|---|---|---|---|---|---|---|---|---|---|---|---|
| Dewey Decimal Classification | Colección Juvenil General | Biblioteca Pública Metropolitana Salomé Ureña | Biblioteca Pública Metropolitana Salomé Ureña | 12/05/2016 | Fundación Educativa y Cultural (FUNDI) | BPMSU16120098 | 12/05/2016 | 12/05/2016 | Libros |